000 00384nam a2200121Ia 4500
008 220620s9999||||xx |||||||||||||| ||und||
245 0 _aChapter Foreword
_bA tribute to Christopher Colclough
546 _aEnglish[eng]
650 _aEducation
700 _aJolly, Richard
856 _uhttps://library.oapen.org/bitstream/20.500.12657/54700/1/9780429293467_oaforeword.pdf
942 _cEB
999 _c24191
_d24191